Design and Analysis of 100,000lb Thrust Class Gas Turbine Engine for a heavy Lift Transport Aircraft (Record no. 326472)

000 -LEADER
fixed length control field 00419 a2200133 4500
001 - CONTROL NUMBER
control field 91399
082 ## - DEWEY DECIMAL CLASSIFICATION NUMBER
Classification number PR 1295
090 ## - LOCALLY ASSIGNED LC-TYPE CALL NUMBER (OCLC); LOCAL CALL NUMBER (RLIN)
-- 43529
-- 43528
100 ## - MAIN ENTRY--PERSONAL NAME
Personal name naveed Akram; Prof Jehanzeb Masud (Advisor)
245 ## - TITLE STATEMENT
Title Design and Analysis of 100,000lb Thrust Class Gas Turbine Engine for a heavy Lift Transport Aircraft
Number of part/section of a work 49 "A" EC
260 ## - PUBLICATION, DISTRIBUTION, ETC.
Place of publication, distribution, etc. Karachi
Name of publisher, distributor, etc. NED University
Date of publication, distribution, etc. 1998
300 ## - PHYSICAL DESCRIPTION
Extent 54p
500 ## - GENERAL NOTE
General note BE Poject Reports
942 ## - ADDED ENTRY ELEMENTS (KOHA)
Institution code [OBSOLETE] CAE NUST
Call number prefix PR 1295
Holdings
Withdrawn status Lost status Damaged status Not for loan Collection code Permanent Location Current Location Date acquired Total Checkouts Full call number Barcode Date last seen Price effective from Koha item type
          College of Aeronautical Engineering (CAE) College of Aeronautical Engineering (CAE) 04/03/2017   PR 1295 CAEPR-1295 04/05/2017 04/05/2017 Book
© 2023 Central Library, National University of Sciences and Technology. All Rights Reserved.